000 00301nam a22001337a 4500
008 170930b xxu||||| |||| 00| 0 eng d
020 _a2900761978304
041 _aeng
080 _a37
100 _a47
101 _aEDU
245 _aAWAKENING THE SLEEPING GIANT
_cKATZENMEYER, M
942 _2udc
_cBK
999 _c31036
_d31036